<?xml version="1.0" encoding="UTF-8"?>
<record
    xmlns:xsi="http://www.w3.org/2001/XMLSchema-instance"
    xsi:schemaLocation="http://www.loc.gov/MARC21/slim http://www.loc.gov/standards/marcxml/schema/MARC21slim.xsd"
    xmlns="http://www.loc.gov/MARC21/slim">

  <leader>02786cam a22003738i 4500</leader>
  <controlfield tag="001">23366161</controlfield>
  <controlfield tag="003">EG-ScBUE</controlfield>
  <controlfield tag="005">20250216095622.0</controlfield>
  <controlfield tag="008">231027s2024    nyu    f b    001 0 eng d</controlfield>
  <datafield tag="020" ind1=" " ind2=" ">
    <subfield code="a">9780367897802</subfield>
  </datafield>
  <datafield tag="040" ind1=" " ind2=" ">
    <subfield code="a">DLC</subfield>
    <subfield code="b">eng</subfield>
    <subfield code="e">rda</subfield>
    <subfield code="c">DLC</subfield>
    <subfield code="d">DLC</subfield>
    <subfield code="d">EG-ScBUE</subfield>
  </datafield>
  <datafield tag="082" ind1="0" ind2="4">
    <subfield code="a">302.231</subfield>
    <subfield code="2">22</subfield>
    <subfield code="b">MEI</subfield>
  </datafield>
  <datafield tag="100" ind1="1" ind2=" ">
    <subfield code="a">Meikle, Graham,</subfield>
    <subfield code="d">1965-</subfield>
    <subfield code="e">author.</subfield>
  </datafield>
  <datafield tag="245" ind1="1" ind2="0">
    <subfield code="a">Social media :</subfield>
    <subfield code="b">the convergence of public and personal communication /</subfield>
    <subfield code="c">Graham Meikle.</subfield>
  </datafield>
  <datafield tag="250" ind1=" " ind2=" ">
    <subfield code="a">Second edition.</subfield>
  </datafield>
  <datafield tag="264" ind1=" " ind2="1">
    <subfield code="a">New York, NY :</subfield>
    <subfield code="b">Routledge,</subfield>
    <subfield code="c">2024.</subfield>
  </datafield>
  <datafield tag="300" ind1=" " ind2=" ">
    <subfield code="a">169 pages ;</subfield>
    <subfield code="c">18 cm</subfield>
  </datafield>
  <datafield tag="336" ind1=" " ind2=" ">
    <subfield code="a">text</subfield>
    <subfield code="b">txt</subfield>
    <subfield code="2">rdacontent</subfield>
  </datafield>
  <datafield tag="337" ind1=" " ind2=" ">
    <subfield code="a">unmediated</subfield>
    <subfield code="b">n</subfield>
    <subfield code="2">rdamedia</subfield>
  </datafield>
  <datafield tag="338" ind1=" " ind2=" ">
    <subfield code="a">volume</subfield>
    <subfield code="b">nc</subfield>
    <subfield code="2">rdacarrier</subfield>
  </datafield>
  <datafield tag="504" ind1=" " ind2=" ">
    <subfield code="a">Includes bibliographical references and index.</subfield>
  </datafield>
  <datafield tag="505" ind1="0" ind2=" ">
    <subfield code="a">Communication -- Data -- Remix -- News -- Visibility -- Citizenship -- Regulation.</subfield>
  </datafield>
  <datafield tag="520" ind1=" " ind2=" ">
    <subfield code="a">"From Facebook and YouTube to TikTok and WeChat, this accessible book explores the relationships between public and personal communication on social media to understand their impacts on users' everyday lives. Social media have made possible new kinds of relationships, entertainment, and politics and enabled billions of people to experience new forms of communication, community, and communion. But social media are also profit-driven, data-mining corporations, and their core business model is often built around targeted surveillance that enables the commercial exploitation of their users' everyday lives. Graham Meikle explores the tensions between the different dimensions of social media, engaging with questions of communication, data, remix, news, visibility, citizenship, and regulation. This second edition has been substantially revised: more than half of the text is entirely new to this edition, and those sections that remain have been completely updated. This new edition includes analysis of the data-driven business models of major social media firms, and of how these are expanding into new areas such as AI. It also includes discussion of major developments in news, surveillance, and activism on social media, as well as a new chapter on regulation. This book is an ideal critical introduction to social media in all their complexity"--</subfield>
    <subfield code="c">Provided by publisher.</subfield>
  </datafield>
  <datafield tag="650" ind1=" " ind2="7">
    <subfield code="a">Social media.</subfield>
    <subfield code="2">BUEsh</subfield>
  </datafield>
  <datafield tag="650" ind1=" " ind2="7">
    <subfield code="a">Online social networks.</subfield>
    <subfield code="2">BUEsh</subfield>
  </datafield>
  <datafield tag="650" ind1=" " ind2="7">
    <subfield code="a">Citizen journalism.</subfield>
    <subfield code="2">BUEsh</subfield>
  </datafield>
  <datafield tag="650" ind1=" " ind2="7">
    <subfield code="a">Social media</subfield>
    <subfield code="x">Moral and ethical aspects.</subfield>
    <subfield code="2">BUEsh</subfield>
  </datafield>
  <datafield tag="655" ind1=" " ind2=" ">
    <subfield code="v">Reading book</subfield>
  </datafield>
  <datafield tag="776" ind1="0" ind2="8">
    <subfield code="i">Online version:</subfield>
    <subfield code="a">Meikle, Graham, 1965-</subfield>
    <subfield code="t">Social media</subfield>
    <subfield code="b">Second edition.</subfield>
    <subfield code="d">New York, NY : Routledge, 2024</subfield>
    <subfield code="z">9781003021100</subfield>
    <subfield code="w">(DLC) 2023047216</subfield>
  </datafield>
  <datafield tag="906" ind1=" " ind2=" ">
    <subfield code="a">7</subfield>
    <subfield code="b">cbc</subfield>
    <subfield code="c">orignew</subfield>
    <subfield code="d">1</subfield>
    <subfield code="e">ecip</subfield>
    <subfield code="f">20</subfield>
    <subfield code="g">y-gencatlg</subfield>
  </datafield>
  <datafield tag="942" ind1=" " ind2=" ">
    <subfield code="2">ddc</subfield>
    <subfield code="c">BB</subfield>
  </datafield>
  <datafield tag="999" ind1=" " ind2=" ">
    <subfield code="c">30887</subfield>
    <subfield code="d">30858</subfield>
  </datafield>
  <datafield tag="952" ind1=" " ind2=" ">
    <subfield code="0">0</subfield>
    <subfield code="1">0</subfield>
    <subfield code="2">ddc</subfield>
    <subfield code="4">0</subfield>
    <subfield code="7">0</subfield>
    <subfield code="8">Baccah</subfield>
    <subfield code="a">MAIN</subfield>
    <subfield code="b">MAIN</subfield>
    <subfield code="c">1ST</subfield>
    <subfield code="d">2025-02-16</subfield>
    <subfield code="e">Purchase</subfield>
    <subfield code="g">2790.00</subfield>
    <subfield code="h">39019</subfield>
    <subfield code="l">0</subfield>
    <subfield code="o">302.231 MEI</subfield>
    <subfield code="p">000057250</subfield>
    <subfield code="r">2025-07-15 00:00:00</subfield>
    <subfield code="v">3488.00</subfield>
    <subfield code="w">2025-02-16</subfield>
    <subfield code="y">BB</subfield>
  </datafield>
</record>
